000 01879nam a22002777a 4500
003 Uzh_bibl
008 260422b |||||||| |||| 00| 0 ukr d
020 _a978-966-02-8345-9
_c94.99
040 _bукр.
041 _2ukr
_aukr
080 _a030(477)
090 _a030(477)
_bЕ64
100 _a-
245 _aЕнциклопедія Сучасної України
_bТ. 19: Мал - Мед.
_cкорект. Т.Берзюк, М.Голіченко та ін; іл. В.Муха; обкл. В.Єрмак. та ін.
_hТекст
260 _aКиїв
_bТОВ "Твори"
_c2018
300 _a688 с.
_bіл.
_fВ опр.
490 _vТом - 19
520 _aЕнциклопедія Сучасної України - перше багатотомне видання про Україну всіх вимірах від початку 20 століття до сьогодення. Енциклопедія подає цілісний образ новітньої України в подіях, інституціях, установах, родах діяльності, поняттях, особах. Охоплює всі сфери життя в Україна, відображає сучасні погляди на історичні події та постаті. У дев'ятнадцятому томі подано 2355 статей, 2254 чорно-білих та 379 кольорову ілюстрацію 7 карт, 18 рисунків і 5 таблицю.
521 _aДля широкого кола читачів
546 _aукр.
650 _aДовідкове видання
653 _aЕнциклопедія.
_aУкраїна
655 _aНауково-популярне видання
_vЕнциклопедія
700 _aІ.Дзюба, А.Жуковський, О.Романів та ін.
942 _2udc
_cBK
999 _c17485
_d17485